[Event "Voronezh op-B 22nd"]
[Site "Voronezh"]
[Date "2018.06.18"]
[Round "7"]
[White "Shipitsyna, Guzyal"]
[Black "Krekoten, Vladimir"]
[Result "0-1"]
[WhiteElo "1444"]
[BlackElo "1718"]
[PlyCount "82"]
[EventDate "2018.06.12"]
[EventType "swiss"]
[EventRounds "9"]
[EventCountry "RUS"]
[SourceTitle "CBM 185 Extra"]
[Source "ChessBase"]
[SourceDate "2018.07.29"]
[SourceVersion "1"]
[SourceVersionDate "2018.07.29"]
[SourceQuality "1"]

1. d4 Nf6 2. c4 e5 3. dxe5 Ng4 4. Nf3 Bc5 5. e3 Nc6 6. Nc3 Ngxe5 7. Be2 0-0 8. a3 a5 9. 0-0 d6 10. Qc2 Nxf3+ 11. Bxf3 Ne5 12. Be2 Qh4 13. Nd5 c6 14. g3 Qd8 15. Nf4 g5 16. Ng2 f5 17. b3 Ng6 18. Bb2 Qe7 19. Rfd1 f4 20. exf4 gxf4 21. Bd3 fxg3 22. Bxg6 gxf2+ 23. Kh1 Rf6 24. Bxf6 Qxf6 25. Bxh7+ Kg7 26. Bd3 Bg4 27. Be2 Bf5 28. Qd2 Be4 29. Bd3 d5 30. Bxe4 dxe4 31. Qd7+ Kf8 32. Qd2 Re8 33. Qf4 Qxf4 34. Nxf4 e3 35. Ne2 Ke7 36. Kg2 Rf8 37. b4 axb4 38. axb4 Bxb4 39. Ra7 Be1 40. Rxb7+ Ke6 41. Rg7 f1Q# 0-1

[Event "Voronezh op-B 22nd"]
[Site "Voronezh"]
[Date "2018.06.14"]
[Round "3"]
[White "Yudin, Sergei"]
[Black "Shipitsyna, Guzyal"]
[Result "1-0"]
[WhiteElo "1699"]
[BlackElo "1444"]
[PlyCount "69"]
[EventDate "2018.06.12"]
[EventType "swiss"]
[EventRounds "9"]
[EventCountry "RUS"]
[SourceTitle "CBM 185 Extra"]
[Source "ChessBase"]
[SourceDate "2018.07.29"]
[SourceVersion "1"]
[SourceVersionDate "2018.07.29"]
[SourceQuality "1"]

1. d4 Nf6 2. c4 e6 3. Nc3 Bb4 4. e3 0-0 5. Nge2 d5 6. a3 Bxc3+ 7. Nxc3 c5 8. dxc5 Nc6 9. cxd5 exd5 10. Be2 Bf5 11. 0-0 Be4 12. Nxe4 dxe4 13. Qc2 Qe7 14. b3 Rfd8 15. Bb2 a5 16. Rfd1 Rac8 17. Rxd8+ Rxd8 18. Rd1 Rxd1+ 19. Bxd1 Kf8 20. Be2 Nd7 21. Bd4 f6 22. Bb5 Nxd4 23. exd4 f5 24. Qd2 Nf6 25. Qf4 g6 26. Bc4 Kg7 27. b4 axb4 28. axb4 Qd7 29. Qe5 Qe8 30. Qxe8 Nxe8 31. Bd5 Nc7 32. Bxb7 Kf8 33. d5 Ke8 34. d6 Nb5 35. Bc6+ 1-0

[Event "Voronezh op-B 22nd"]
[Site "Voronezh"]
[Date "2018.06.13"]
[Round "2"]
[White "Shipitsyna, Guzyal"]
[Black "Strukov, Dmitry"]
[Result "0-1"]
[WhiteElo "1444"]
[BlackElo "1737"]
[PlyCount "94"]
[EventDate "2018.06.12"]
[EventType "swiss"]
[EventRounds "9"]
[EventCountry "RUS"]
[SourceTitle "CBM 185 Extra"]
[Source "ChessBase"]
[SourceDate "2018.07.29"]
[SourceVersion "1"]
[SourceVersionDate "2018.07.29"]
[SourceQuality "1"]

1. d4 Nf6 2. c4 g6 3. Nc3 Bg7 4. Nf3 0-0 5. Bg5 c6 6. e4 d6 7. h3 h6 8. a4 a6 9. Bh4 Qa5 10. Bd3 g5 11. Bg3 Nh5 12. Bh2 g4 13. hxg4 Bxg4 14. Be2 c5 15. Kf1 cxd4 16. Nd5 Nc6 17. Ng1 Bxe2+ 18. Nxe2 Nf6 19. Ng3 Nxd5 20. cxd5 Ne5 21. Nf5 Ng6 22. Nxg7 Kxg7 23. Qxd4+ f6 24. Qd1 Qb4 25. Qe2 Rac8 26. Bg3 Rc4 27. Qe3 Rh8 28. f3 Qxb2 29. Re1 Rxa4 30. Kg1 Ra2 31. Rh2 a5 32. Rf1 b6 33. f4 Ra3 34. Qe1 Qc3 35. Rh3 Qxe1 36. Rxe1 Rb3 37. e5 h5 38. exf6+ exf6 39. Rc1 h4 40. Rc7+ Kh6 41. Bf2 Rxh3 42. gxh3 Re8 43. Bxb6 Nxf4 44. Bxa5 Nxh3+ 45. Kh2 Nf4 46. Rc2 Nxd5 47. Rd2 Re5 0-1

[Event "Nezhmetdinov Memorial 39th"]
[Site "Kazan"]
[Date "2017.06.08"]
[Round "9"]
[White "Shipitsyna, Guzyal"]
[Black "Chubakov, Sultan"]
[Result "0-1"]
[WhiteElo "1458"]
[BlackElo "1464"]
[PlyCount "124"]
[EventDate "2017.05.31"]
[EventType "swiss"]
[EventRounds "9"]
[EventCountry "RUS"]
[SourceTitle "EXT 2018"]
[Source "ChessBase"]
[SourceDate "2017.10.13"]
[SourceVersion "1"]
[SourceVersionDate "2017.10.13"]
[SourceQuality "1"]

1. d4 Nf6 2. c4 e6 3. Nf3 c5 4. d5 exd5 5. cxd5 d6 6. Nc3 a6 7. a4 g6 8. g3 Bg7 9. Bg2 0-0 10. 0-0 Re8 11. Re1 Nbd7 12. Nh4 Ng4 13. e4 Nf8 14. h3 Ne5 15. Kh2 Nc4 16. f4 f5 17. Qd3 Na5 18. Qc2 Bf6 19. Nf3 Bxc3 20. Qxc3 h6 21. e5 dxe5 22. Nxe5 b6 23. b3 Qf6 24. Bb2 Bb7 25. Rad1 Rad8 26. Qc2 Qd6 27. Qc3 Qf6 28. b4 cxb4 29. Qxb4 Qd6 30. Qxd6 Rxd6 31. Ba3 Rdd8 32. d6 Bxg2 33. Kxg2 Re6 34. Rc1 Nb7 35. Rc7 Nxd6 36. Rec1 Ne4 37. Bxf8 Rxf8 38. Ra7 Nc5 39. Rd1 Rfe8 40. h4 R6e7 41. Rxe7 Rxe7 42. Nxg6 Re4 43. a5 bxa5 44. Rc1 Nb3 45. Rc8+ Kg7 46. Rc6 Re2+ 47. Kh3 a4 48. Rxa6 Nc5 49. Rc6 Ne4 50. g4 Re3+ 51. Kh2 fxg4 52. Ne5 a3 53. Rg6+ Kf8 54. Ra6 Re2+ 55. Kg1 a2 56. Ra8+ Kg7 57. Ra7+ Kf6 58. Nxg4+ Ke6 59. Ra6+ Kd7 60. Ne5+ Kc7 61. Rc6+ Kb7 62. Rc1 Rb2 0-1

[Event "Nezhmetdinov Memorial 39th"]
[Site "Kazan"]
[Date "2017.06.03"]
[Round "4"]
[White "Shipitsyna, Guzyal"]
[Black "Safin, Robert"]
[Result "0-1"]
[WhiteElo "1458"]
[BlackElo "1807"]
[PlyCount "74"]
[EventDate "2017.05.31"]
[EventType "swiss"]
[EventRounds "9"]
[EventCountry "RUS"]
[SourceTitle "EXT 2018"]
[Source "ChessBase"]
[SourceDate "2017.10.13"]
[SourceVersion "1"]
[SourceVersionDate "2017.10.13"]
[SourceQuality "1"]

1. d4 f5 2. c4 Nf6 3. Nf3 e6 4. a3 d5 5. g3 c6 6. Bg2 Bd6 7. cxd5 exd5 8. 0-0 0-0 9. Bg5 Nbd7 10. Nc3 h6 11. Bxf6 Nxf6 12. e3 Ne4 13. Ne5 Qe8 14. f4 Kh7 15. Ne2 b6 16. Qd3 Bb7 17. b4 a5 18. Bxe4 fxe4 19. Qb3 Qh5 20. g4 Qh3 21. Ng3 Bxe5 22. dxe5 a4 23. Qd1 c5 24. bxc5 bxc5 25. Rb1 Ba6 26. Rf2 Bd3 27. Rb7 c4 28. Nf5 Rg8 29. Rg2 c3 30. Rg3 c2 31. Qa1 Qf1+ 32. Qxf1 Bxf1 33. Kxf1 c1Q+ 34. Kg2 Rab8 35. Rd7 Rb2+ 36. Kh3 Qf1+ 37. Kh4 Rxh2+ 0-1

[Event "Nezhmetdinov Memorial 39th"]
[Site "Kazan"]
[Date "2017.06.01"]
[Round "2"]
[White "Shipitsyna, Guzyal"]
[Black "Setyukov, Radel"]
[Result "0-1"]
[WhiteElo "1458"]
[BlackElo "1916"]
[PlyCount "72"]
[EventDate "2017.05.31"]
[EventType "swiss"]
[EventRounds "9"]
[EventCountry "RUS"]
[SourceTitle "EXT 2018"]
[Source "ChessBase"]
[SourceDate "2017.10.13"]
[SourceVersion "1"]
[SourceVersionDate "2017.10.13"]
[SourceQuality "1"]

1. d4 Nf6 2. c4 c5 3. d5 e6 4. Nc3 exd5 5. cxd5 d6 6. Nf3 g6 7. g3 Bg7 8. Bg2 a6 9. a4 0-0 10. 0-0 Re8 11. Re1 Qc7 12. Qc2 Nbd7 13. Bf4 Ng4 14. Rad1 Nge5 15. e4 Rb8 16. Bc1 Nxf3+ 17. Bxf3 b5 18. axb5 axb5 19. Bg2 b4 20. Ne2 Ba6 21. Nd4 Ne5 22. f4 Nd3 23. Nc6 Nxe1 24. Rxe1 Rb6 25. e5 b3 26. Qd1 Bb5 27. e6 fxe6 28. f5 Rxc6 29. fxg6 Rb6 30. gxh7+ Kh8 31. Qh5 e5 32. Bd2 Rbb8 33. Bc3 Rf8 34. Be4 Qf7 35. Qxf7 Rxf7 36. Ba5 Rbf8 0-1

[Event "Nezhmetdinov Memorial 38th"]
[Site "Kazan"]
[Date "2016.06.05"]
[Round "6"]
[White "Shipitsyna, Guzyal"]
[Black "Sinyanskiy, Maxim"]
[Result "0-1"]
[WhiteElo "1478"]
[BlackElo "2042"]
[PlyCount "78"]
[EventDate "2016.05.31"]
[EventType "swiss"]
[EventRounds "9"]
[EventCountry "RUS"]
[SourceTitle "CBM 172 Extra"]
[Source "ChessBase"]
[SourceDate "2016.06.21"]
[SourceVersion "1"]
[SourceVersionDate "2016.06.21"]
[SourceQuality "1"]

1. d4 Nf6 2. c4 e6 3. Nf3 c5 4. d5 exd5 5. cxd5 d6 6. Nc3 g6 7. g3 Bg7 8. Bg2 0-0 9. 0-0 Re8 10. Bg5 h6 11. Bf4 a6 12. a4 Ne4 13. Nxe4 Rxe4 14. Nd2 Rb4 15. Ne4 f5 16. Nd2 g5 17. Be3 f4 18. Bxc5 dxc5 19. Ne4 Qe7 20. d6 Qf7 21. Nxc5 Rd4 22. Qb3 Qxb3 23. Nxb3 Rxd6 24. Rad1 Rxd1 25. Rxd1 Nc6 26. Nc5 Kf7 27. b3 Rb8 28. Bd5+ Ke7 29. Be4 Nd4 30. Kf1 fxg3 31. hxg3 b6 32. Nd3 Nxb3 33. Nb4 Na5 34. Rc1 Be5 35. Nd5+ Ke6 36. Ne3 Bb7 37. Bf5+ Kf6 38. Bg4 Rd8 39. Nf5 Nb3 0-1

[Event "Nezhmetdinov Memorial 38th"]
[Site "Kazan"]
[Date "2016.05.31"]
[Round "1"]
[White "Shipitsyna, Guzyal"]
[Black "Kalinin, Nikita"]
[Result "0-1"]
[WhiteElo "1478"]
[BlackElo "2194"]
[PlyCount "60"]
[EventDate "2016.05.31"]
[EventType "swiss"]
[EventRounds "9"]
[EventCountry "RUS"]
[SourceTitle "CBM 172 Extra"]
[Source "ChessBase"]
[SourceDate "2016.06.21"]
[SourceVersion "1"]
[SourceVersionDate "2016.06.21"]
[SourceQuality "1"]

1. d4 Nf6 2. c4 c5 3. d5 e6 4. Nc3 exd5 5. Nxd5 Nxd5 6. Qxd5 Nc6 7. Nf3 Be7 8. a3 d6 9. e3 Be6 10. Qd1 Bf6 11. Qc2 d5 12. cxd5 Qxd5 13. e4 Qh5 14. Be3 0-0 15. Be2 b6 16. h4 Bg4 17. Ng5 Bxe2 18. Qxe2 Qxe2+ 19. Kxe2 Bxb2 20. Ra2 Bd4 21. h5 Rfe8 22. Rh4 Rad8 23. Rf4 Rd7 24. Nf3 Ne5 25. Nd2 Bxe3 26. Kxe3 Nd3 27. Rf5 Nc1 28. Rc2 Rd3+ 29. Kf4 Ne2+ 30. Kg5 Nd4 0-1